<?xml version="1.0" encoding="UTF-8"?>
<collection xmlns="http://www.loc.gov/MARC21/slim">
 <record>
  <leader>00895nam a22002055a 4500</leader>
  <controlfield tag="001">CEM.cems017745</controlfield>
  <controlfield tag="008">130507s1998##################000#0#####d</controlfield>
  <controlfield tag="005">20221024115531.0</controlfield>
  <datafield tag="245" ind1="1" ind2="0">
   <subfield code="a">Manual de genética :</subfield>
   <subfield code="b">tomo ii /</subfield>
   <subfield code="c">Víctor Ferreira, Beatriz Szpiniak y Ezequiel Grassi</subfield>
  </datafield>
  <datafield tag="260" ind1=" " ind2=" ">
   <subfield code="a">Río Cuarto :</subfield>
   <subfield code="b">Universidad Nacional de Río Cuarto,</subfield>
   <subfield code="c">1998</subfield>
  </datafield>
  <datafield tag="300" ind1=" " ind2=" ">
   <subfield code="a">256 p.</subfield>
  </datafield>
  <datafield tag="505" ind1="0" ind2=" ">
   <subfield code="a">Citoplasma y herencia -- Mutaciones genicas -- Mutaciones cromosómicas estructurales -- Mutaciones cromosómicas numericas -- Caracteres cualitativos en poblaciones -- Variación intraespecífica y evolución</subfield>
  </datafield>
  <datafield tag="020" ind1=" " ind2=" ">
   <subfield code="a">9506653127</subfield>
  </datafield>
  <datafield tag="100" ind1="1" ind2=" ">
   <subfield code="a">Ferreira, Víctor</subfield>
  </datafield>
  <datafield tag="700" ind1="1" ind2=" ">
   <subfield code="a">Szpiniak, Beatriz</subfield>
  </datafield>
  <datafield tag="700" ind1="1" ind2=" ">
   <subfield code="a">Grassi, Ezequiel</subfield>
  </datafield>
  <datafield tag="082" ind1="0" ind2="4">
   <subfield code="a">575.1</subfield>
  </datafield>
  <datafield tag="653" ind1=" " ind2=" ">
   <subfield code="a">Genética</subfield>
  </datafield>
  <datafield tag="859" ind1=" " ind2=" ">
   <subfield code="a">CEMS</subfield>
   <subfield code="b">BIB. CEMS - Agricultura</subfield>
   <subfield code="h">575.1</subfield>
   <subfield code="i">F413</subfield>
   <subfield code="p">A3447.21</subfield>
   <subfield code="t">Ej.2</subfield>
  </datafield>
  <datafield tag="859" ind1=" " ind2=" ">
   <subfield code="a">CEMS</subfield>
   <subfield code="b">BIB. CEMS - Agricultura</subfield>
   <subfield code="h">575.1</subfield>
   <subfield code="i">F413</subfield>
   <subfield code="p">A0660.06</subfield>
   <subfield code="t">Ej.1</subfield>
   <subfield code="v">II</subfield>
   <subfield code="3">II</subfield>
  </datafield>
 </record>
</collection>
